| 000 | 00419nam a2200145 4500 | ||
|---|---|---|---|
| 999 |
_c9466 _d9466 |
||
| 003 | OSt | ||
| 005 | 20210623171309.0 | ||
| 008 | 210623b ||||| |||| 00| 0 eng d | ||
| 020 | _a9780817459086 | ||
| 082 |
_a771 _bNEU |
||
| 100 | _aNeubart, Jack | ||
| 245 | _aPhotographer's exposure handbook : professional techniques for using your equipment effectively and creatively | ||
| 260 |
_bpdn pros book _c2007 |
||
| 942 | _2ddc | ||